| 000 | 00457nam a22001217a 4500 | ||
|---|---|---|---|
| 082 | _a200 THE | ||
| 100 |
_aTalha Irfan _970302 |
||
| 245 | _aTH-SOF-1425-Analysis and Fast Prediction of lncRNA Transcripts using Weighted K-mers Adjacency (WeKA) Kernels | ||
| 260 |
_aIslamabad _bNUST College of EME _c2016 |
||
| 650 | _aMS-COMPUTER ENGINEERING-73 MSTHESIS | ||
| 700 |
_aSupervisor Dr. Arslan Shaukat Co-supervisor Dr Zartasha Mustansar _970303 |
||
| 942 | _cCF | ||
| 999 |
_c577288 _d577288 |
||